ბათუმის შოთა რუსთაველის სახელმწიფო უნივერსიტეტის ბიბლიოთეკა

სინუსოიდურად ცვლადი დენის ელექტრული წრედი / (ბიბ.ჩანაწერი № 39241)

000 -ლიდერი
ფიქსირებული სიგრძის საკონტროლო ველი 00865nam a2200193Ia 4500
001 - საკონტროლო ნომერი
საკონტროლო ველი 5827
003 - საკონტროლო ნომრის იდენტიფიკატორი
საკონტროლო ველი GE_BSU
005 - ბოლო ოპერაციის თარიღი და დრო
საკონტროლო ველი 20190621183020.0
008 - ფიქსირებული სიგრძის მონაცემთა ელემენტები - ზოგადი ინფორმაცია
ფიქსირებული სიგრძის საკონტროლო ველი 181216s1983||||ge |||||||||||||| ||geo||
041 ## - ენის კოდი
Language code of text/sound track or separate title geo
080 ## - უნივერსალური ათობითი კლასიფიკაციის ინდექსი
Universal Decimal Classification number 621.316(075.8) ს-56
100 ## - მთავარი ჩანაწერი - პიროვნების სახელი
Personal name სიხარულიძე,ა.
9 (RLIN) 2758
245 ## - ცნობა სათაურის შესახებ
Title სინუსოიდურად ცვლადი დენის ელექტრული წრედი /
Statement of responsibility, etc ა. სიხარულიძე ; რედ : მ.ძიძიგური.
264 ## - წარმოების, გამოცემის, დისტრიბუციის და სხვა ცნობები
გამოცემის, წარმოების, დისტრიბუციის... ადგილი თბილისი :
გამოცემის, წარმოების, დისტრიბუციის... სახელწოდება სპი,
გამოცემის, წარმოების, დისტრიბუციის... თარიღი 1983.
300 ## - ფიზიკური აღწერა
Extent 150 გვ .:
Other physical details ნახაზ ;
Dimensions 20 სმ.
653 ## - INDEX TERM--UNCONTROLLED
Uncontrolled term სინუსოიდურად ცვლადი დენის ელექტრული წრედი
700 ## - ADDED ENTRY--PERSONAL NAME
Personal name ძიძიგური, მ.
Relator term რედაქტორი
9 (RLIN) 472
942 ## - ADDED ENTRY ELEMENTS (KOHA)
Koha item type წიგნი
Source of classification or shelving scheme
ეგზემპლარები
ჩამოწერის სტატუსი დაკარგული ეგზემპლარის სტატუსი კლასიფიკაციის წყარო ან თაროზე გაწყობის სქემა დაზიანების სტატუსი არ გაიცემა მუდმივი მდებარეობა (დაცვის ადგილი) ამჟამინდელი ადგილსამყოფელი თაროზე განთავსების ადგილი შეძენის თარიღი ღირებულება, შესყიდვის ნორმალური ფასი სრული შენახვის შიფრი შტრიხკოდი ბოლო ოპერაციის თარიღი ეგზემპლარის მიმდევრობითი ნომერი (კეტერი?) ფასის ძალაში შესვლის თარიღი ეგზემპლარის სახეობა საჯარო შენიშვნა
          ტექნოლოგიური ფაკულტეტის ბიბლიოთეკა ტექნოლოგიური ფაკულტეტის ბიბლიოთეკა წიგნსაცავი 2018-12-17 0.00 621.316(075.8) ს-56 10756 2018-12-17 10756 2018-12-17 წიგნი 0,40 თ.
          ტექნოლოგიური ფაკულტეტის ბიბლიოთეკა ტექნოლოგიური ფაკულტეტის ბიბლიოთეკა წიგნსაცავი 2018-12-17 0.00 621.316(075.8) ს-56 10757 2018-12-17 10757 2018-12-17 წიგნი 0,40 თ.
          ტექნოლოგიური ფაკულტეტის ბიბლიოთეკა ტექნოლოგიური ფაკულტეტის ბიბლიოთეკა წიგნსაცავი 2018-12-17 0.00 621.316(075.8) ს-56 10758 2018-12-17 10758 2018-12-17 წიგნი 0,40 თ.
          ტექნოლოგიური ფაკულტეტის ბიბლიოთეკა ტექნოლოგიური ფაკულტეტის ბიბლიოთეკა წიგნსაცავი 2018-12-17 0.00 621.316(075.8) ს-56 10759 2018-12-17 10759 2018-12-17 წიგნი 0,40 თ.
          ტექნოლოგიური ფაკულტეტის ბიბლიოთეკა ტექნოლოგიური ფაკულტეტის ბიბლიოთეკა წიგნსაცავი 2018-12-17 0.00 621.316(075.8) ს-56 10760 2018-12-17 10760 2018-12-17 წიგნი 0,40 თ.